Statistics for Countries with the Most Catholics

Click here to take the quiz!

General Stats

  • This quiz has been taken 37,760 times
    (16,393 since last reset)
  • The average score is 15 of 20

Answer Stats

#country% Correct
129 mBrazil
98%
72.0 mUnited States
98%
107 mMexico
96%
46.6 mItaly
96%
31.8 mSpain
95%
36.8 mFrance
94%
29.9 mArgentina
94%
22.8 mGermany
88%
38.1 mColombia
88%
14.7 mCanada
85%
24.9 mPeru
84%
20.0 mVenezuela
81%
33.6 mPoland
79%
16.7 mIndia
70%
91.4 mPhilippines
69%
26.4 mNigeria
63%
42.2 mD.R. Congo
55%
19.1 mTanzania
38%
17.6 mAngola
35%
18.3 mUganda
28%

Score Distribution

Percentile by Number Answered

Percent of People with Each Score

Your Score History

You have not taken this quiz since the last reset